Smoke detectors (Record no. 170)

MARC details
000 -LEADER
fixed length control field 00940cab a2200217 4500
001 - CONTROL NUMBER
control field ##ABS50894
008 - FIXED-LENGTH DATA ELEMENTS--GENERAL INFORMATION
fixed length control field 090401t1994 xxu||||| |||| 00| 0 eng d
035 ## - SYSTEM CONTROL NUMBER
System control number (Sirsi) u416
041 0# - LANGUAGE CODE
Language code of text/sound track or separate title eng
100 1# - MAIN ENTRY--PERSONAL NAME
Personal name Bendall, D.
245 00 - TITLE STATEMENT
Title Smoke detectors
Remainder of title legal liability and latest developments
260 ## - PUBLICATION, DISTRIBUTION, ETC.
Date of publication, distribution, etc. 1994
350 ## - PRICE (NR) (BK AM CF MU VM SE) [OBSOLETE]
Price 0
490 #0 - SERIES STATEMENT
Series statement Housing and Planning Review
Volume/sequential designation June/July 1994, 29-30(2)
520 ## - SUMMARY, ETC.
Summary, etc. Discusses potential legal liability of landlords for installing or not installing smoke detectors. Looks at how the market has developed. A survey by BRK Europe Ltd reveals that the case for the installation of smoke alarms is indisputable.
520 ## - SUMMARY, ETC.
Summary, etc. This article is no longer held by the RICS Library but may be available through inter-library loan. Please ask library staff for details.
651 #4 - SUBJECT ADDED ENTRY--GEOGRAPHIC NAME
Geographic name England and Wales
Chronological subdivision 1543-
690 ## - LOCAL SUBJECT ADDED ENTRY--TOPICAL TERM (OCLC, RLIN)
Topical term or geographic name as entry element MANAGEMENT-HEALTH AND SAFETY-FIRE SAFETY
942 ## - ADDED ENTRY ELEMENTS (KOHA)
Suppress in OPAC 0
948 ## - LOCAL PROCESSING INFORMATION (OCLC); SERIES PART DESIGNATOR (RLIN)
c (OCLC) 04/03/1997
Holdings
Withdrawn status Lost status Source of classification or shelving scheme Damaged status Not for loan Home library Current library Shelving location Date acquired Total Checkouts Full call number Barcode Date last seen Copy number Price effective from Koha item type
    Dewey Decimal Classification     London London Journal article 14/09/1999   ABS50894 416-1001 06/08/2019 1 06/08/2019 Journal article